000 00651nam a22002177a 4500
003 UA-OsUOA
001 135191
007 ta
008 20190115b un ||||| |||| 00| 0 ukr d
100 _aФариба І.
090 _a82
_bФ24
942 _cSA
040 _aUA-OsUOA
_bukr
_cUA-OsUOA
_dUA-OsUOA
245 _aУроки вивчення творчості панаса Мирного
300 _aС.27-34
955 _a0
041 _aukr
080 _a82
773 0 _w135189
_tУкраїнська мова і література в школі
_dК.
_d2018
_g6
650 7 _a82 Література. Літературознавство
_2UDC
999 _c408477
_d408477